[Event "Sivas op 1st"]
[Site "Sivas"]
[Date "2019.08.22"]
[Round "7"]
[White "Samli, Ibrahim"]
[Black "Sabahi, Ali Can"]
[Result "1-0"]
[WhiteElo "1655"]
[BlackElo "1825"]
[PlyCount "131"]
[EventDate "2019.08.19"]
[EventType "swiss"]
[EventRounds "9"]
[EventCountry "TUR"]
[SourceTitle "EXT 2020"]
[Source "ChessBase"]
[SourceDate "2019.10.17"]
[SourceVersion "1"]
[SourceVersionDate "2019.10.17"]
[SourceQuality "1"]

1. e4 c5 2. Nf3 e6 3. d4 cxd4 4. Nxd4 Nf6 5. Nc3 Bb4 6. Bd3 Nc6 7. Nxc6 bxc6 8. Bd2 d5 9. e5 Nd7 10. Qg4 Bf8 11. Qg3 g6 12. h4 Bg7 13. f4 Qb6 14. h5 Nc5 15. 0-0-0 Nxd3+ 16. Qxd3 Ba6 17. Qg3 0-0-0 18. hxg6 hxg6 19. Rxh8 Rxh8 20. Be3 Qa5 21. Qf2 Bf8 22. Kb1 c5 23. Bd2 Qc7 24. g3 Qc6 25. b3 d4 26. Na4 Bb7 27. Be1 Qf3 28. Qd2 Be7 29. Rc1 Kb8 30. Qa5 Rc8 31. Nb2 g5 32. Nd3 gxf4 33. gxf4 Rc6 34. Qb5 a6 35. Qa5 c4 36. bxc4 Rxc4 37. a3 Kc8 38. Kb2 Bd8 39. Qd2 Ra4 40. Qf2 Qd5 41. Bb4 a5 42. Bd6 Qb5+ 43. Ka1 Bd5 44. Nb2 Bc7 45. Qg3 Bxd6 46. exd6 Kd7 47. Rb1 Rc4 48. Nxc4 Qxc4 49. Qb3 Qxb3 50. cxb3 Kxd6 51. Kb2 Bf3 52. Re1 d3 53. Kc3 Be2 54. Rc1 e5 55. fxe5+ Kxe5 56. Kd2 Kd5 57. b4 axb4 58. axb4 Kd4 59. b5 Bf3 60. b6 f5 61. Rc7 f4 62. b7 Bxb7 63. Rxb7 Ke4 64. Rb4+ Kf3 65. Kxd3 Kg3 66. Ke4 1-0

[Event "TUR-chT 2nd League"]
[Site "Konya"]
[Date "2018.07.20"]
[Round "7.11"]
[White "Sabahi, Ali Can"]
[Black "Darban Vaighani, Morteza"]
[Result "0-1"]
[WhiteElo "1921"]
[BlackElo "2312"]
[PlyCount "92"]
[EventDate "2018.07.16"]
[EventType "team-swiss"]
[EventRounds "9"]
[EventCountry "TUR"]
[SourceTitle "EXT 2019"]
[Source "ChessBase"]
[SourceDate "2018.10.10"]
[SourceVersion "1"]
[SourceVersionDate "2018.10.10"]
[SourceQuality "1"]
[WhiteTeam "Gulbahcesi Egitim"]
[BlackTeam "Bursa Nida"]
[WhiteTeamCountry "TUR"]
[BlackTeamCountry "TUR"]

1. e4 d6 2. d4 g6 3. Nc3 c6 4. a4 Bg7 5. Nf3 Bg4 6. Be2 e6 7. Be3 d5 8. 0-0 Nf6 9. e5 Nfd7 10. Ng5 Bxe2 11. Nxe2 c5 12. c3 cxd4 13. cxd4 Na6 14. f4 h6 15. Nf3 Nb6 16. Bf2 Bf8 17. g4 h5 18. h3 hxg4 19. hxg4 Nc4 20. b3 Na5 21. Kg2 Be7 22. Rb1 Nb4 23. Rh1 Kd7 24. Rxh8 Qxh8 25. Qd2 Qf8 26. Bh4 Bxh4 27. Nxh4 Rc8 28. Rb2 Nbc6 29. Nf3 Qb4 30. Qxb4 Nxb4 31. Ne1 a6 32. Kg3 Ke7 33. Kf3 Nac6 34. Kg3 Rh8 35. Rb1 Na5 36. Kg2 Rc8 37. Rb2 Rc6 38. Kf3 Rb6 39. Nc1 Nbc6 40. Nc2 Nc4 41. Ra2 Nd2+ 42. Ke3 Nxb3 43. Rb2 Nba5 44. Ra2 Nc4+ 45. Kf3 Rb2 46. f5 Rxa2 0-1

[Event "TUR Cup										"]
[Site "Antalya"]
[Date "2018.01.31"]
[Round "7"]
[White "Sabahi, Ali Can"]
[Black "Tarlabasi, Emirhan"]
[Result "0-1"]
[WhiteElo "1896"]
[BlackElo "2060"]
[PlyCount "80"]
[EventDate "2018.01.27"]
[EventType "swiss"]
[EventRounds "11"]
[EventCountry "TUR"]
[SourceTitle "CBM 182 Extra"]
[Source "ChessBase"]
[SourceDate "2018.02.23"]
[SourceVersion "1"]
[SourceVersionDate "2018.02.23"]
[SourceQuality "1"]

1. e4 e6 2. Qe2 Be7 3. Nf3 d5 4. d3 Nf6 5. g3 0-0 6. Bg2 c5 7. 0-0 Nc6 8. e5 Nd7 9. c4 d4 10. Re1 Qc7 11. Bf4 b6 12. Nbd2 Bb7 13. h4 Rae8 14. Nf1 Qc8 15. N1h2 f5 16. exf6 Bxf6 17. Bd6 Rf7 18. Ng5 Bxg5 19. hxg5 Nd8 20. Bxb7 Nxb7 21. Bf4 e5 22. Bd2 Nd6 23. Qh5 Nf8 24. f3 Qf5 25. Rad1 Qxd3 26. b3 Qc2 27. Ng4 Ng6 28. Bc1 Qc3 29. Rf1 e4 30. Bd2 Qc2 31. Bf4 Nxf4 32. gxf4 exf3 33. Nf6+ Rxf6 34. Qxf3 Rf7 35. Rf2 Qe4 36. Qg4 Qf5 37. Qg2 Ne4 38. Rff1 Nc3 39. Rd2 Qe4 40. Qh2 Ne2+ 0-1

[Event "TUR Cup										"]
[Site "Antalya"]
[Date "2018.01.27"]
[Round "1"]
[White "Bolukdemir, Mert"]
[Black "Sabahi, Ali Can"]
[Result "0-1"]
[WhiteElo "1589"]
[BlackElo "1896"]
[PlyCount "128"]
[EventDate "2018.01.27"]
[EventType "swiss"]
[EventRounds "11"]
[EventCountry "TUR"]
[SourceTitle "CBM 182 Extra"]
[Source "ChessBase"]
[SourceDate "2018.02.23"]
[SourceVersion "1"]
[SourceVersionDate "2018.02.23"]
[SourceQuality "1"]

1. e4 e5 2. Nf3 Nc6 3. Bc4 Nf6 4. d3 Bc5 5. Nc3 d6 6. h3 h6 7. Bd2 Na5 8. Bb3 Nxb3 9. axb3 a6 10. Ne2 Qe7 11. b4 Ba7 12. 0-0 Bd7 13. Ng3 g5 14. Be3 g4 15. Nh4 gxh3 16. Nhf5 Qf8 17. Bxa7 hxg2 18. Kxg2 Rxa7 19. Rh1 Ra8 20. Qf3 Ng8 21. Nh5 Kd8 22. d4 Ne7 23. Nxe7 Qxe7 24. dxe5 Rg8+ 25. Kf1 Rg6 26. Nf4 Rg4 27. Rxh6 Qxe5 28. Nd3 Qg7 29. Qh1 Ke7 30. Ke2 Rg8 31. Rh4 Bc6 32. Rxg4 Qxg4+ 33. f3 Qg7 34. Qh4+ Ke8 35. Rf1 Bb5 36. Qh3 Kd8 37. Qf5 Qxb2 38. Kd2 Rg2+ 39. Rf2 Bxd3 40. Rxg2 Qxc2+ 41. Ke3 Qxg2 42. Kxd3 Qf1+ 43. Kc3 Qa1+ 44. Kb3 Qb1+ 45. Kc3 Qa2 46. Qf6+ Kd7 47. Qf5+ Kc6 48. Qh5 b5 49. Kd3 Qc4+ 50. Ke3 Qxb4 51. Qxf7 Qc3+ 52. Ke2 Qc2+ 53. Ke3 Qc5+ 54. Ke2 Qc4+ 55. Qxc4+ bxc4 56. Kd2 d5 57. e5 d4 58. f4 Kd5 59. Kc2 a5 60. Kb2 c5 61. Kc2 a4 62. Kb2 c3+ 63. Kc2 c4 64. Kc1 d3 0-1

[Event "TUR-chT2"]
[Site "Konya"]
[Date "2017.07.15"]
[Round "9.4"]
[White "Sabahi, Ali Can"]
[Black "Yarar, Muammer Atakan"]
[Result "1-0"]
[WhiteElo "1879"]
[BlackElo "1855"]
[PlyCount "71"]
[EventDate "2017.07.09"]
[EventType "team-swiss"]
[EventRounds "9"]
[EventCountry "TUR"]
[SourceTitle "CBM 179 Extra"]
[Source "ChessBase"]
[SourceDate "2017.08.23"]
[SourceVersion "1"]
[SourceVersionDate "2017.08.23"]
[SourceQuality "1"]
[WhiteTeam "Hamle Adana"]
[BlackTeam "Karaman Yunus Emre"]
[WhiteTeamCountry "TUR"]
[BlackTeamCountry "TUR"]

1. e4 c5 2. Nf3 Nc6 3. Bb5 e6 4. 0-0 Nge7 5. c3 a6 6. Ba4 b5 7. Bc2 d5 8. e5 Bb7 9. Qe2 Ng6 10. Re1 Be7 11. d4 0-0 12. g3 Rc8 13. h4 Re8 14. Be3 cxd4 15. cxd4 Na5 16. b3 Nc6 17. a3 Qb6 18. Rd1 Na5 19. Ng5 Bxg5 20. hxg5 Nf8 21. Ra2 Rc7 22. Bd2 Rec8 23. Bb4 Ba8 24. Kg2 g6 25. Bc5 Qc6 26. Rh1 Nb7 27. Bxf8 Rxf8 28. Qg4 h5 29. Qf4 f5 30. gxf6 Kf7 31. Qh6 Rg8 32. Bxg6+ Rxg6 33. Qh7+ Kf8 34. Qxg6 Qe8 35. Qh6+ Kg8 36. Rxh5 1-0

[Event "Manavgat Turkey Cup"]
[Site "Manavgat"]
[Date "2016.02.05"]
[Round "10"]
[White "Sabahi, Ali Can"]
[Black "Goktas, Fahreddin"]
[Result "1-0"]
[WhiteElo "1896"]
[BlackElo "1641"]
[PlyCount "55"]
[EventDate "2016.01.30"]
[EventType "swiss"]
[EventRounds "11"]
[EventCountry "TUR"]
[SourceTitle "CBM 170 Extra"]
[Source "ChessBase"]
[SourceDate "2016.02.25"]
[SourceVersion "1"]
[SourceVersionDate "2016.02.25"]
[SourceQuality "1"]

1. e4 e5 2. Nf3 Nc6 3. d4 exd4 4. Nxd4 Nf6 5. Nxc6 dxc6 6. Qxd8+ Kxd8 7. f3 Be6 8. Bg5 Be7 9. Nd2 h6 10. Bh4 Nh5 11. Bf2 Ke8 12. g3 g5 13. Bd4 Rg8 14. Be2 Nf6 15. Be5 Rc8 16. 0-0-0 Nd7 17. Bc3 Nb6 18. b3 f5 19. exf5 Bxf5 20. Ne4 Nd5 21. Bb2 Bxe4 22. fxe4 Nf6 23. e5 Nd5 24. Bh5+ Kd8 25. c4 Bb4 26. cxd5 cxd5 27. a3 Bf8 28. Rxd5+ 1-0

[Event "Malatya Golden Apricot op 3rd"]
[Site "Malatya"]
[Date "2015.08.28"]
[Round "6"]
[White "Annaberdiyev, Babageldi"]
[Black "Sabahi, Ali Can"]
[Result "1-0"]
[WhiteElo "2234"]
[BlackElo "1907"]
[PlyCount "83"]
[EventDate "2015.08.25"]
[EventType "swiss"]
[EventRounds "9"]
[EventCountry "TUR"]
[SourceTitle "EXT 2016"]
[Source "ChessBase"]
[SourceDate "2015.10.08"]
[SourceVersion "1"]
[SourceVersionDate "2015.10.08"]
[SourceQuality "1"]

1. d4 Nf6 2. c4 e6 3. Nf3 Bb4+ 4. Bd2 Qe7 5. a3 Bxd2+ 6. Nbxd2 d6 7. e3 0-0 8. Rc1 e5 9. Be2 e4 10. Ng1 Ne8 11. h4 f5 12. g3 Nd7 13. Nh3 Ndf6 14. Nf4 c6 15. b4 g6 16. Qb3 Kg7 17. c5 d5 18. b5 h6 19. h5 gxh5 20. Bxh5 Nxh5 21. Rxh5 Nf6 22. Rh4 Ng4 23. Ke2 Be6 24. Rch1 Bf7 25. a4 Rab8 26. Rc1 a6 27. Kf1 axb5 28. axb5 Ra8 29. Kg2 Ra5 30. bxc6 bxc6 31. Qd1 Ra2 32. Rb1 Qa7 33. Rxg4+ fxg4 34. Qxg4+ Kf6 35. Qh4+ Kg7 36. Rh1 Rh8 37. Nf1 Qb8 38. Qg4+ Kf6 39. Rh5 Qb2 40. Rf5+ Ke7 41. Ng6+ Bxg6 42. Qxg6 1-0

[Event "Malatya Golden Apricot op 3rd"]
[Site "Malatya"]
[Date "2015.08.26"]
[Round "2"]
[White "Volkov, Sergey"]
[Black "Sabahi, Ali Can"]
[Result "1-0"]
[WhiteElo "2589"]
[BlackElo "1907"]
[PlyCount "115"]
[EventDate "2015.08.25"]
[EventType "swiss"]
[EventRounds "9"]
[EventCountry "TUR"]
[SourceTitle "EXT 2016"]
[Source "ChessBase"]
[SourceDate "2015.10.08"]
[SourceVersion "1"]
[SourceVersionDate "2015.10.08"]
[SourceQuality "1"]

1. d4 Nf6 2. c4 e6 3. Nc3 Bb4 4. f3 0-0 5. a3 Bxc3+ 6. bxc3 Nh5 7. Nh3 f5 8. Bg5 Qe8 9. g4 Nf6 10. Bxf6 Rxf6 11. g5 Rf8 12. Nf4 Nc6 13. e3 Kh8 14. Be2 b6 15. 0-0 Na5 16. Rf2 Ba6 17. Qf1 c6 18. Rd1 Qe7 19. g6 h6 20. c5 Bxe2 21. Qxe2 b5 22. a4 a6 23. Qd3 Nc4 24. Kh1 Rad8 25. axb5 axb5 26. Ra2 e5 27. dxe5 Qxe5 28. Qd4 Qxe3 29. Qxe3 Nxe3 30. Rd3 Nc4 31. Re2 d5 32. cxd6 Rxd6 33. Rxd6 Nxd6 34. Re7 Rc8 35. Rd7 Ne8 36. Ne6 Nf6 37. Rb7 Nh5 38. Kg2 Nf6 39. Kf2 Nd5 40. Rxg7 Nxc3 41. Rb7 Nd5 42. Nd4 Rc7 43. Rb8+ Kg7 44. Ne6+ Kxg6 45. Nxc7 Nxc7 46. Rc8 Ne6 47. Rxc6 Kf6 48. Rb6 Ke5 49. Rxb5+ Kf4 50. Rb4+ Kg5 51. Ke3 h5 52. Rc4 Nf8 53. Rc6 Ng6 54. Rxg6+ Kxg6 55. Kf4 h4 56. Ke5 Kg5 57. h3 f4 58. Ke4 1-0

[Event "Troya op 23rd"]
[Site "Canakkale"]
[Date "2015.08.15"]
[Round "9"]
[White "Benk, Tolga Tugay"]
[Black "Sabahi, Ali Can"]
[Result "1-0"]
[WhiteElo "1807"]
[BlackElo "1907"]
[PlyCount "127"]
[EventDate "2015.08.08"]
[EventType "swiss"]
[EventRounds "9"]
[EventCountry "TUR"]
[SourceTitle "CBM 167 Extra"]
[Source "ChessBase"]
[SourceDate "2015.09.14"]
[SourceVersion "1"]
[SourceVersionDate "2015.09.14"]
[SourceQuality "1"]

1. d4 Nf6 2. c4 e6 3. Nc3 Bb4 4. Qc2 Nc6 5. Nf3 d6 6. Bg5 h6 7. Bxf6 Qxf6 8. 0-0-0 Bxc3 9. Qxc3 e5 10. d5 Ne7 11. e4 Qf4+ 12. Qe3 Qxe3+ 13. fxe3 Bg4 14. Be2 f5 15. h3 Bh5 16. exf5 Bxf3 17. Bxf3 Nxf5 18. Rhe1 0-0 19. Bg4 Ng3 20. e4 Rf4 21. Re3 Nf1 22. Ree1 Raf8 23. Rd3 g6 24. Kd1 h5 25. Be2 Nh2 26. Rh1 Rxe4 27. Rxh2 Rxc4 28. g4 hxg4 29. Bxg4 Rf1+ 30. Ke2 Ra1 31. a3 Rb1 32. Rd2 Kg7 33. Rf2 Rbc1 34. Rf3 b5 35. Rb3 Rc5 36. Be6 Rh1 37. Rf3 Rcc1 38. Kd3 Rhe1 39. Re3 c5 40. dxc6 Rxe3+ 41. Kxe3 Rxc6 42. Ke4 Rb6 43. Kd5 a5 44. Rc2 Kf6 45. Bg4 e4 46. Kxe4 b4 47. axb4 Rxb4+ 48. Kd5 Rb6 49. Re2 Kg5 50. Bd7 Kf4 51. Bc6 Kg3 52. Bd7 Kf3 53. Rc2 g5 54. Rc3+ Kf4 55. b3 Ra6 56. Bb5 Rb6 57. Bc6 g4 58. hxg4 Kxg4 59. Kxd6 Kf4 60. Kc7 Rb4 61. Rc4+ Ke3 62. Rxb4 axb4 63. Kb6 Kd4 64. Kb5 1-0

[Event "Troya op 23rd"]
[Site "Canakkale"]
[Date "2015.08.14"]
[Round "8"]
[White "Sabahi, Ali Can"]
[Black "Kilic, Gokturk Kagan"]
[Result "1-0"]
[WhiteElo "1907"]
[BlackElo "1632"]
[PlyCount "123"]
[EventDate "2015.08.08"]
[EventType "swiss"]
[EventRounds "9"]
[EventCountry "TUR"]
[SourceTitle "CBM 167 Extra"]
[Source "ChessBase"]
[SourceDate "2015.09.14"]
[SourceVersion "1"]
[SourceVersionDate "2015.09.14"]
[SourceQuality "1"]

1. e4 c5 2. Nf3 e6 3. Nc3 a6 4. d4 cxd4 5. Nxd4 Qc7 6. Be3 Bb4 7. Qd2 Nf6 8. f3 d5 9. exd5 Nxd5 10. Nde2 Nxe3 11. Qxe3 Bc5 12. Qg5 0-0 13. Ne4 Be7 14. Qc1 Nc6 15. N2g3 f5 16. Nf2 Bh4 17. Bc4 Qe5+ 18. Kf1 b5 19. Nd3 Qc7 20. Bb3 Kh8 21. Qf4 Qe7 22. Qd2 e5 23. Bd5 Bb7 24. Qc3 e4 25. Bxc6 Rac8 26. Ne5 Bxc6 27. Nxc6 Qd6 28. Nh5 Bf6 29. Nxf6 Rxf6 30. Qe3 Qxc6 31. c3 Rd8 32. Kf2 Rd3 33. Rhd1 f4 34. Qxe4 Qb6+ 35. Kf1 Rxd1+ 36. Rxd1 Rf8 37. Qe7 Rg8 38. Qd6 Qa5 39. a3 Qa4 40. Rd2 Qc4+ 41. Qd3 Qe6 42. Re2 Qh6 43. h3 Qg5 44. Qe4 h6 45. Qe5 Qg3 46. Rd2 Rf8 47. Rd6 Kh7 48. Qe4+ Kh8 49. Rxa6 Qg5 50. a4 bxa4 51. Qxa4 Qd5 52. Kg1 Qc5+ 53. Qd4 Qb5 54. Rxh6+ Kg8 55. Rb6 Qe2 56. Rg6 Rf7 57. b4 Kh7 58. Rg4 Kg8 59. Kh2 Qe1 60. Qd5 Kh7 61. Qd3+ Kg8 62. b5 1-0

[Event "Troya op 23rd"]
[Site "Canakkale"]
[Date "2015.08.10"]
[Round "4"]
[White "Sabahi, Ali Can"]
[Black "Okus, Melih"]
[Result "0-1"]
[WhiteElo "1907"]
[BlackElo "1999"]
[PlyCount "62"]
[EventDate "2015.08.08"]
[EventType "swiss"]
[EventRounds "9"]
[EventCountry "TUR"]
[SourceTitle "CBM 167 Extra"]
[Source "ChessBase"]
[SourceDate "2015.09.14"]
[SourceVersion "1"]
[SourceVersionDate "2015.09.14"]
[SourceQuality "1"]

1. e4 c5 2. Nf3 Nc6 3. Bb5 g6 4. Bxc6 dxc6 5. d3 Bg7 6. h3 Nh6 7. a4 f5 8. Nc3 c4 9. d4 fxe4 10. Nxe4 Nf5 11. c3 0-0 12. a5 Qd5 13. Qe2 Nd6 14. Ng3 Bd7 15. Nf1 Nf5 16. Ra4 b5 17. axb6 axb6 18. Qxc4 Rxa4 19. Qxa4 c5 20. Qd1 cxd4 21. Ne3 Nxe3 22. Bxe3 d3 23. Kf1 e5 24. Nd2 Be6 25. Bxb6 Rb8 26. c4 Qc6 27. c5 e4 28. Qc1 Rf8 29. Nc4 Qb5 30. Nd2 e3 31. f3 Bh6 0-1

[Event "Kemer Turkey Cup"]
[Site "Kemer"]
[Date "2014.02.02"]
[Round "2"]
[White "Sabahi, Ali Can"]
[Black "Mihciyazgan, Can"]
[Result "1-0"]
[WhiteElo "1929"]
[BlackElo "1776"]
[PlyCount "107"]
[EventDate "2014.02.01"]
[EventType "swiss"]
[EventRounds "9"]
[EventCountry "TUR"]
[SourceTitle "CBM 158 Extra"]
[Source "ChessBase"]
[SourceDate "2014.02.28"]
[SourceVersion "1"]
[SourceVersionDate "2014.02.28"]
[SourceQuality "1"]

1. e4 e5 2. Nf3 Nc6 3. Bc4 Nf6 4. d3 Be7 5. c3 0-0 6. Bb3 d5 7. Qe2 Bg4 8. Nbd2 d4 9. h3 Bh5 10. g4 Bg6 11. Ba4 dxc3 12. bxc3 Nd7 13. Rb1 Nc5 14. Bc2 f6 15. Bb2 Bf7 16. a3 Ne6 17. Qf1 a5 18. Nc4 Bc5 19. Bc1 Rb8 20. Ba4 b5 21. Rxb5 Rxb5 22. Bxb5 Na7 23. Ba4 c6 24. Qe2 Nb5 25. Qc2 Nf4 26. Bxf4 Bxc4 27. dxc4 Nxa3 28. Qd2 exf4 29. Bxc6 Qb6 30. Bd5+ Kh8 31. 0-0 Qd6 32. Nd4 Re8 33. Rd1 f3 34. Qd3 Qf4 35. Qxf3 Qb8 36. Kg2 Qb6 37. Qf5 Qa6 38. Qd7 Rb8 39. Ne6 Qa7 40. Qa4 Qb6 41. Qd7 Qa7 42. Qa4 Qb6 43. g5 Nb1 44. Rxb1 Qxb1 45. Nxc5 Qc1 46. Ne6 fxg5 47. Qd7 Qxc3 48. Nxg5 Rf8 49. Nf7+ Kg8 50. e5 Qc2 51. Qe7 Rb8 52. Ng5+ Kh8 53. Qf7 a4 54. Qg8+ 1-0

[Event "Kemer Turkey Cup"]
[Site "Kemer"]
[Date "2014.02.01"]
[Round "1"]
[White "Can, Emre"]
[Black "Sabahi, Ali Can"]
[Result "1-0"]
[WhiteElo "2520"]
[BlackElo "1929"]
[PlyCount "71"]
[EventDate "2014.02.01"]
[EventType "swiss"]
[EventRounds "9"]
[EventCountry "TUR"]
[SourceTitle "CBM 158 Extra"]
[Source "ChessBase"]
[SourceDate "2014.02.28"]
[SourceVersion "1"]
[SourceVersionDate "2014.02.28"]
[SourceQuality "1"]

1. Nf3 Nf6 2. c4 e6 3. g3 b6 4. Bg2 Bb7 5. 0-0 Qc8 6. d4 h6 7. Nc3 Bb4 8. Qc2 Bxc3 9. Qxc3 0-0 10. b3 Be4 11. Bb2 d6 12. Bh3 Nbd7 13. Nd2 d5 14. Nxe4 Nxe4 15. Qd3 f5 16. cxd5 exd5 17. Ba3 Rf6 18. f3 Ng5 19. Bxf5 Qe8 20. e4 Qf7 21. Rac1 c6 22. h4 Ne6 23. Rxc6 Nef8 24. Rxf6 Nxf6 25. e5 Nh5 26. e6 Qf6 27. e7 Ne6 28. Re1 Nc7 29. Kg2 g5 30. hxg5 Qxg5 31. Bd6 Ne8 32. Be6+ Kg7 33. Be5+ Nef6 34. f4 Qg6 35. Qxg6+ Kxg6 36. g4 1-0

[Event "TUR-ch"]
[Site "Kemer"]
[Date "2012.02.03"]
[Round "8"]
[White "Sabahi, Ali Can"]
[Black "Bulgurlu, Okan"]
[Result "1/2-1/2"]
[WhiteElo "1960"]
[BlackElo "1739"]
[PlyCount "64"]
[EventDate "2012.01.29"]
[EventType "swiss"]
[EventRounds "10"]
[EventCountry "TUR"]
[SourceTitle "CBM 146 Extra"]
[Source "ChessBase"]
[SourceDate "2012.02.29"]
[SourceVersion "1"]
[SourceVersionDate "2012.02.29"]
[SourceQuality "1"]

1. e4 d5 2. exd5 Qxd5 3. Nc3 Qd6 4. d4 Nf6 5. Be2 g6 6. Nf3 Bg7 7. Nb5 Qb6 8. Bf4 Nd5 9. Bc1 c6 10. Nc3 Bf5 11. a3 Nd7 12. 0-0 Qc7 13. Nh4 Be6 14. Ne4 h6 15. f4 f5 16. Nxg6 fxe4 17. Nxh8 Bxh8 18. Bh5+ Kd8 19. f5 Bg8 20. c3 b5 21. Qg4 N5f6 22. Qg6 Kc8 23. Qxh6 Kb7 24. Bf4 Qd8 25. Be2 Qf8 26. a4 a6 27. axb5 cxb5 28. h4 Bd5 29. b3 Bxb3 30. Rfb1 Qf7 31. c4 Bxc4 32. Bxc4 Qxc4 1/2-1/2

[Event "TUR-ch op"]
[Site "Antalya"]
[Date "2008.02.10"]
[Round "11.15"]
[White "Sabahi, Ali Can"]
[Black "Sengul, Cengiz"]
[Result "0-1"]
[WhiteElo "2033"]
[BlackElo "2144"]
[PlyCount "146"]
[EventDate "2008.02.04"]
[EventType "swiss"]
[EventRounds "11"]
[EventCountry "TUR"]
[SourceTitle "CBM 122 Extra"]
[Source "ChessBase"]
[SourceDate "2008.03.04"]
[SourceVersion "1"]
[SourceVersionDate "2008.03.04"]
[SourceQuality "1"]

1. e4 e5 2. Nf3 Nc6 3. d4 exd4 4. Nxd4 Bc5 5. Nxc6 Qf6 6. Qd2 dxc6 7. Bd3 Ne7 8. 0-0 Ng6 9. Nc3 0-0 10. Na4 Bd6 11. Qg5 Qxg5 12. Bxg5 Nf4 13. Rfe1 Nxd3 14. cxd3 f5 15. e5 Bb4 16. Re2 Re8 17. a3 Bf8 18. f4 c5 19. Rc1 b6 20. Rd2 Be6 21. Nc3 c6 22. Ne2 Rac8 23. d4 c4 24. Nc3 Bd5 25. Nd1 b5 26. Ne3 Be4 27. g4 g6 28. gxf5 gxf5 29. Nf1 h6 30. Bh4 Re6 31. Ng3 Rg6 32. Kf2 Bd3 33. Nh5 Kf7 34. Rg1 Rxg1 35. Kxg1 a5 36. Kf2 b4 37. axb4 axb4 38. Ke3 Be4 39. Rd1 Ra8 40. Nf6 Bd5 41. Nd7 Ra2 42. Be1 Be7 43. Rd2 c3 44. bxc3 b3 45. c4 b2 46. Rxb2 Rxb2 47. cxd5 cxd5 48. Bf2 Rb3+ 49. Ke2 Ke6 50. Nc5+ Bxc5 51. dxc5 Rb4 52. Be3 Re4 53. Kd3 Kd7 54. Bd2 Kc6 55. Be3 Kb5 56. h3 h5 57. h4 Kc6 58. Kd2 d4 59. Bg1 Kxc5 60. Bh2 Kd5 61. Kd3 Re3+ 62. Kd2 Rh3 63. Bg1 Rxh4 64. e6 Kxe6 65. Bxd4 Rxf4 66. Be3 Rg4 67. Ke2 Kd5 68. Kf3 h4 69. Bf2 Ke5 70. Be1 Kf6 71. Bf2 Kg5 72. Be3+ f4 73. Bf2 h3 0-1

[Event "TUR-ch op"]
[Site "Antalya"]
[Date "2008.02.04"]
[Round "2.36"]
[White "Sabahi, Ali Can"]
[Black "Izi, Ekrem"]
[Result "1-0"]
[WhiteElo "2033"]
[BlackElo "1586"]
[PlyCount "87"]
[EventDate "2008.02.04"]
[EventType "swiss"]
[EventRounds "11"]
[EventCountry "TUR"]
[SourceTitle "CBM 122 Extra"]
[Source "ChessBase"]
[SourceDate "2008.03.04"]
[SourceVersion "1"]
[SourceVersionDate "2008.03.04"]
[SourceQuality "1"]

1. e4 e6 2. d4 d5 3. Nc3 Nc6 4. e5 f6 5. f4 fxe5 6. dxe5 Bc5 7. Bd3 g6 8. Nf3 Nge7 9. Na4 Bb6 10. Nxb6 cxb6 11. Be3 Bd7 12. c4 Qc7 13. Rc1 dxc4 14. Bxc4 0-0-0 15. Ng5 Nf5 16. Qe2 Rde8 17. Bd3 Nxe3 18. Qxe3 Re7 19. b4 a6 20. a4 b5 21. axb5 axb5 22. Bxb5 Kd8 23. 0-0 Ke8 24. Ba4 Qb8 25. Ne4 Kf7 26. Nd6+ Kg7 27. b5 Nb4 28. Bb3 Nd5 29. Bxd5 exd5 30. Qc5 Kf8 31. Qxd5 Be6 32. Qc5 b6 33. Qc3 Kg7 34. Rf2 Qa8 35. Rfc2 Rd8 36. Qb4 Ra7 37. Rc7+ Rxc7 38. Rxc7+ Kh6 39. Qc3 Qa2 40. f5 Qb1+ 41. Kf2 Rxd6 42. Qe3+ Kh5 43. Rxh7+ Kg4 44. h3+ 1-0